| 000 | 00396nam a2200157Ia 4500 | ||
|---|---|---|---|
| 008 | 210716s2015 xx 000 0 und d | ||
| 020 | _a9789385401749 | ||
| 041 | _aeng | ||
| 082 | _a338.0954 DATG | ||
| 100 | _aDatt, Gaurav; Mahajan, Ashwani. | ||
| 245 | _aIndian economy. | ||
| 250 | _a1 | ||
| 260 |
_aNew Delhi _bS Chand and Company Ltd _c2015 |
||
| 300 | _axvi,1066 | ||
| 650 | _aEconomics | ||
| 999 |
_c209312 _d209312 |
||